000 00426 a2200157 4500
001 58715
020 _a853570258X
040 _cAnchieta - Pituba
100 _aCarmo, Sonia Irene Silva do
240 1 0 _aA formação do capitalismo e a colonização da América
_lpor
245 1 0 _aA formação do capitalismo e a colonização da América
300 _a176
362 0 _a2002
650 4 _aHistória do mundo
942 _cBK
999 _c58715
_d58715